000 00440nam a2200169Ia 4500
008 230917s9999||||xx |||||||||||||| ||und||
020 _cRS925
040 _e242846
_aMAIN
041 _aEnglish
082 _a005.133 B397H
100 _aBeighley, Lynn
245 0 _aHead first PHP & MySQL
260 _aBeijing
_bO'Reilly
_c2017
300 _axxxviii, 774 p.
500 _a2907 03/11/2017 HBD17/7107 05/12/2017 Main Budget
942 _cBK
999 _c24379
_d24379